Raw natural rubber and natural rubber latex- Determination of nitrogen. (Record no. 74037)

MARC details
000 -LEADER
fixed length control field 00378nam a2200133Ia 4500
245 #0 - TITLE STATEMENT
Title Raw natural rubber and natural rubber latex- Determination of nitrogen.
260 ## - PUBLICATION, DISTRIBUTION, ETC. (IMPRINT)
Year of publication 1974
500 ## - GENERAL NOTE
General note Standard number: ISO 1656
650 ## - SUBJECT ADDED ENTRY--TOPICAL TERM
Topical Term Natural rubber latex
650 ## - SUBJECT ADDED ENTRY--TOPICAL TERM
Topical Term Nitrogen
650 ## - SUBJECT ADDED ENTRY--TOPICAL TERM
Topical Term Raw natural rubber
942 ## - ADDED ENTRY ELEMENTS (KOHA)
Koha item type Standards
Holdings
Withdrawn status Lost status Damaged status Not for loan Collection code Home library Current library Date acquired Koha item type
      Standards ISO standards RRII Library RRII Library 31/12/2021 Standards